| 000 | 00678nam a2200241Ia 4500 | ||
|---|---|---|---|
| 003 | OSt | ||
| 005 | 20220918205536.0 | ||
| 006 | a|||||r|||| 00| 0 | ||
| 007 | ta | ||
| 008 | 220917b |||||||| |||| 00| 0 eng d | ||
| 024 | _a116,952 | ||
| 037 | _cTextual | ||
| 040 |
_aARTS _cARTS _beng |
||
| 041 |
_2eng _aeng |
||
| 082 | _aV63:591.N5, N2 | ||
| 100 | _aRamamurthi T G | ||
| 245 | 0 |
_aNon-violence and nationalism _b a study of Gandhian mass resistance in South Africa |
|
| 260 |
_aDelhi _bAmar Prakash India _c1992 |
||
| 300 |
_av,223p. _ccm. |
||
| 650 | _aHISTORY | ||
| 942 |
_hV63:591.N5, N2 _cTEXL _2CC |
||
| 999 |
_c240271 _d240271 |
||